Your heart is stronger than you think (Record no. 220945)

MARC details
000 -LEADER
fixed length control field 00576nam a22002057a 4500
005 - DATE AND TIME OF LATEST TRANSACTION
control field 20211215095253.0
008 - FIXED-LENGTH DATA ELEMENTS--GENERAL INFORMATION
fixed length control field 211215b ||||| |||| 00| 0 eng d
020 ## - INTERNATIONAL STANDARD BOOK NUMBER
International Standard Book Number 402125614
040 ## - CATALOGING SOURCE
Transcribing agency AL
041 ## - LANGUAGE CODE
Language code of text/sound track or separate title eng
082 ## - DEWEY DECIMAL CLASSIFICATION NUMBER
Edition number 23
Classification number 616.12
Item number STEY
100 ## - MAIN ENTRY--PERSONAL NAME
Personal name Peter J Steincrohn
100 ## - MAIN ENTRY--PERSONAL NAME
9 (RLIN) 11645
245 ## - TITLE STATEMENT
Title Your heart is stronger than you think
260 ## - PUBLICATION, DISTRIBUTION, ETC.
Place of publication, distribution, etc. New York
Name of publisher, distributor, etc. Cowles Book Company INC
Date of publication, distribution, etc. 1970
300 ## - PHYSICAL DESCRIPTION
Extent xvii,238 p.
Other physical details HB
Dimensions 21x14 cm.
365 ## - TRADE PRICE
Currency code $
Unit of pricing $5.95
650 ## - SUBJECT ADDED ENTRY--TOPICAL TERM
Topical term or geographic name entry element Heart-Diseases-Prevention.
9 (RLIN) 11646
700 ## - ADDED ENTRY--PERSONAL NAME
Personal name STENINCROHN (Peter J)
9 (RLIN) 11647
942 ## - ADDED ENTRY ELEMENTS (KOHA)
Source of classification or shelving scheme Dewey Decimal Classification
Koha item type George Fernandes Collections
Holdings
Withdrawn status Lost status Source of classification or shelving scheme Damaged status Not for loan Collection code Home library Current library Date acquired Total Checkouts Full call number Barcode Date last seen Cost, replacement price Price effective from Koha item type
    Dewey Decimal Classification     Others St Aloysius Library St Aloysius Library 03/23/2013   616.12 STEY GF03551 12/15/2021 0.00 12/15/2021 George Fernandes Collections